000 00661nam a2200289Ia 4500
005 20260324131949.0
008 008 260324s9999 xx 000 0 eng d
020 _a9780429144196
037 _aEBOOK
040 _aCRL
040 _beng
040 _cCRL
041 _2eng
041 _aeng
084 _qCRL
100 _aArne Sandstrom
_91174361
245 0 _aSolvency
245 0 _bModels, Assessment and Regulation
260 _bTaylor and Francis
260 _c2005
365 _a
365 _b385
856 _uhttp://www.taylorfrancis.com/books/9780429144196
942 _cEBOOK
999 _c1785138
_d1785138